| 000 | 00826na a2200289 4500 | ||
|---|---|---|---|
| 001 | 13145 | ||
| 003 | MIRAKIL | ||
| 005 | 20181213154840.0 | ||
| 008 | 161012b tu 000 0 | ||
| 020 | _a9754580189 | ||
| 035 | _a13145 | ||
| 040 |
_aMilas _btur _cTR-AnCHP |
||
| 041 | _atur | ||
| 082 |
_a305.409561 _bD63t 1997 |
||
| 090 | _a305.409561 D63t 1997 | ||
| 100 | _aDoğramacı, Emel | ||
| 245 |
_aTürkiye'de kadının dünü ve bugünü _cEmel Doğramacı |
||
| 250 | _a3.bs. | ||
| 260 |
_aAnkara _bTürkiye iş bankası kültür yayınları _c1997 |
||
| 300 |
_a170 s. _btbl. _c24 sm. |
||
| 440 |
_aTürkiye İş Bankası Kültür yayınları _v300 |
||
| 490 |
_aSosyal Felsefi dizi _v31 |
||
| 504 | _aKaynakça var. | ||
| 650 |
_aTarih _xKadınlar |
||
| 650 |
_aKadınlar _xTürkiye |
||
| 942 |
_2dcc _cBKS |
||
| 999 |
_c1956 _d1956 |
||